000
00305nam a22001457a 4500
008
210531b ||||| |||| 00| 0 eng d
020
_a
003061936X
041
_a
eng
080
_a
53
082
_a
53
100
_a
43
101
_a
FIZ
245
_a
Modern Physics
_c
John E. Williams
942
_2
udc
_c
BK
999
_c
57875
_d
57875